00383nam a2200145Ia 4500008004100000020001500041041001200056082001600068100001500084245007700099260002500176300000800201650001600209700001200225221030s9999 xx 000 0 und d a8120311361 aEnglish a105.23bKli aG. J. Klir 0aFuzzy Sets & Fuzzy Logic : Theory & Applicationscby G. J. Klir, Bo Yuan bPHIaNew Delhic2000 a574 aBE Computer aBo Yuan